Представление документа в формате MARC21

Поле Инд. ПП Название Значение
Тип записи a
Библиографический уровень m
001 Контрольный номер RU/IS/BASE/223039527
005 Дата корректировки 20221125101550.6
020 a ISBN 985-438-038-6(рус.)
040 b Код языка каталог. rus
041 a Код языка текста rus
080 a Индекс УДК 004.42
084 a Индекс другой классификации/Индекс ББК 32.973.26-018.2
090 a Полочн. индекс 681.3
c Каталожный индекс 681.3.06
x Авторский знак Р39
097 b Оператор 02
100 a Автор Ренеган-мл. Э. Д.
245 a Заглавие 1001 адрес WEB для программистов
c Ответственность пер. с англ.
260 a Место издания Мн.
b Издательство Попурри
c Дата издания 1997
300 a Объем 512 с.
b Иллюстрации/ тип воспроизводства ил.
510 a Примечание о ссылках Книги и методические пособия
650 a Основная рубрика 50.41 Программное обеспечение вычислительных машин, комплексов и сетей
x Основная подрубрика 50.41.17 Системное программное обеспечение
653 a Ключевые слова программирование; вычислительные системы; вычислительные сети
901 t Тип документа m